Galway Top Scorers 2021 - Statistics

General Stats
  • This quiz has been taken 2 times
  • The average score is 4 of 8
Answer Stats
N Player Goal Points Total % Correct
4 Damien Comer 1 1 4
100%
2 Shane Walsh 1 3 6
100%
5 Paul Conroy 0 2 2
50%
3 Paul Kelly 1 2 5
50%
5 Robert Finnerty 0 2 2
50%
7 Sean Kelly 0 1 1
50%
7 Cathal Sweeney 0 1 1
0%
1 Matthew Tierney 1 7 10
0%
No matching quizzes found
Score Distribution
Percent of People with Each Score
Percentile by Number Answered
Your Score History
You have not taken this quiz